书目信息 |
| 题名: |
纳米功能复合材料及应用
|
|
| 作者: | 李凤生 编著 | |
| 分册: | ||
| 出版信息: | 北京 国防工业出版社 2003.06 |
|
| 页数: | 330页 | |
| 开本: | 23cm | |
| 丛书名: | 纳米材料改性技术丛书 | |
| 单 册: | ||
| 中图分类: | TB383 | |
| 科图分类: | ||
| 主题词: | 纳米材料--基本知识 | |
| 电子资源: | ||
| ISBN: | 7-118-03151-8 | |
| 000 | 01101nam 2200277 450 | |
| 001 | 0130330809 | |
| 005 | 20050830222209.12 | |
| 010 | @a7-118-03151-8@dCNY32.00 | |
| 100 | @a20030827d2003 em y0chiy0110 ea | |
| 101 | 0 | @achi |
| 102 | @aCN@b110000 | |
| 105 | @aa a 000yy | |
| 200 | 1 | @a纳米功能复合材料及应用@ANa Mi Gong Neng Fu He Cai Liao Ji Ying Yong@d= Nanometer Functional Composite Materials and Applications@f李凤生等编著@Fli feng sheng deng bian zhu@zeng |
| 210 | @a北京@c国防工业出版社@d2003.06 | |
| 215 | @a330页@c图@d23cm | |
| 225 | 2 | @a纳米材料改性技术丛书 |
| 312 | @a英文题名取之封面。 | |
| 320 | @a有书目。 | |
| 330 | @a本书介绍了纳米功能复合材料的基本特性及制备方法,重点介绍了在军用、民用领域有重要应用前景的纳米催化复合材料、纳米新能源复合材料、纳米隐身复合材料等的制备方法、性能及应用。 | |
| 410 | 0 | @12001 @a纳米材料改性技术丛书 |
| 510 | 1 | @aNanometer Functional Composite Materials and Applications@zeng |
| 606 | 0 | @a纳米材料@x基本知识 |
| 690 | @aTB383@v4 | |
| 701 | 0 | @a李凤生@Ali feng sheng@4编著 |
| 801 | 0 | @aCN@bQSSK@c20050830 |
| 905 | @a10447@dTB383@eL156 | |
| 纳米功能复合材料及应用= Nanometer Functional Composite Materials and Applications/李凤生等编著.-北京:国防工业出版社,2003.06 |
| 330页:图;23cm.-(纳米材料改性技术丛书) |
| ISBN 7-118-03151-8:CNY32.00 |
| 本书介绍了纳米功能复合材料的基本特性及制备方法,重点介绍了在军用、民用领域有重要应用前景的纳米催化复合材料、纳米新能源复合材料、纳米隐身复合材料等的制备方法、性能及应用。 |
| ● |
| 相关链接 |
|
|
|
正题名:纳米功能复合材料及应用
索取号:TB383/L156
 
预约/预借
| 序号 | 登录号 | 条形码 | 馆藏地/架位号 | 状态 | 备注 |
| 1 | 565307 | 205653078 | 自科库501/501自科库 14排1列4层/ [索取号:TB383/L156] | 在馆 | |
| 2 | 565308 | 205653087 | 自科二线504/501自科库 14排1列4层/ [索取号:TB383/L156] | 在馆 |